000 00698nam a2200265Ia 4500
005 20260302115119.0
008 008 260114s9999 xx 000 0 eng d
020 _a9781472543363
037 _aTextbook
040 _aCRL
040 _beng
040 _cCRL
041 _2eng
041 _aeng
084 _qCRL
100 _aRomana Byrne
_91120738
245 0 _aAesthetic Sexuality A Literary History of Sadomasochism
260 _bBloomsbury
260 _bBloomsbury Academic
260 _c2013
650 _aLiterary Studies
856 _uhttps://dx.doi.org/10.5040/9781472543363?locatt=label:secondary_bloomsburyCollections
942 _cEBOOK
999 _c1685009
_d1685009